| 000 | 00398nam a2200145 a 4500 | ||
|---|---|---|---|
| 001 | 000027743 | ||
| 005 | 20200930031048.0 | ||
| 008 | 110404s1989 dr 000 0 spa d | ||
| 040 |
_aDO-SdBNP _bspa _cBNPHU |
||
| 245 | 0 | 3 | _aEl joven, el grupo y la Pastoral Juvenil. |
| 250 | _a2a ed. | ||
| 260 |
_aSanto Domingo : _bCasa de la Juventud, _c1989. |
||
| 300 |
_a91 P. : _bil. ; _c21 cm. |
||
| 049 | _aBNPD | ||
| 999 |
_c27235 _d27235 |
||